000 01069nam a22002415i 4500
001 168154
003 ES-MaACL
005 20251003063150.0
008 970829s1858 sp a |||| | spa d
040 _aAR
_bspa
_cAR
100 1 _aZeller, Jules,
_d1819-1900
_9134032
245 1 0 _aHistoria de Italia
_b: desde la invasion de los barbaros hasta nuestros dias /
_cpor Julio Zeller ; traducida por Juan Belza.
260 _aMadrid :
_bLibrería Española ;
_aBarcelona :
_bPlus Ultra,
_c1858 (
_eBarcelona :
_fImp. de Narciso Ramirez)
300 _a2 v. (XXVI, 410, [4 h. de lám.] ; 353 p, [4] h. de lám.) :
_bil. ;
_c21 cm.
490 1 _aMaravillas
500 _aEdición de "La Maravilla" sociedad editorial dirigido por D. Miguel de Rialp.
599 _aLas h. de lám. son fotograbados y representan paisajes de Italia y escenas de su historia.
651 4 _aItalia-
_xHistoria.
_98866
700 1 _aBelza, Juan,
_d1819-1888
_9125905
830 0 _aMaravillas
_9222680
852 _aES-MaACL
_jD-1216-17
_z-- Enc. tela
999 _c168154
_d168154